Hinduism revisited/ (Record no. 7589)

MARC details
000 -LEADER
fixed length control field 00568 a2200181 4500
010 ## - LCCN (DPL NO)
LC control number ENG-88107
020 ## - INTERNATIONAL STANDARD BOOK NUMBER
Terms of availability 600.00
035 ## - SYSTEM CONTROL NUMBER
System control number EN-71640
037 ## - SOURCE OF ACQUISITION
Source of stock number/acquisition DBAD / PUB
082 14 - DEWEY DECIMAL CLASSIFICATION NUMBER
Classification number 230
100 1# - MAIN ENTRY--PERSONAL NAME
Personal name Rama Seshadari Tanikella
245 1# - TITLE STATEMENT
Title Hinduism revisited/
Statement of responsibility, etc by Rama Seshadari Tanikella
260 ## - PUBLICATION, DISTRIBUTION, ETC. (IMPRINT)
Place of publication, distribution, etc Hyderbad
Name of publisher, distributor, etc Smt.T. Ratnamala
Date of publication, distribution, etc 2006
270 ## - ADDRESS
Address 6-3-597/A/16, flat No. 101, Harry's Mansion, V.R.Colony, Khairtabad
City Hyderabad (A.P)
Postal code 500 004
300 ## - PHYSICAL DESCRIPTION
Extent x, 662 p.
Dimensions 24 cm (Hb)
500 ## - GENERAL NOTE
General note Includes index
942 ## - ADDED ENTRY ELEMENTS (KOHA)
Institution code [OBSOLETE] dpl
Item type English Books
Source of classification or shelving scheme Dewey Decimal Classification
Classification part 230
Call number suffix RAM
Holdings
Withdrawn status Lost status Not for loan Collection code Home library Current library Source of acquisition Cost, normal purchase price Full call number Barcode Copy number Cost, replacement price Koha item type
    Not For Loan Non-fiction D.B.Act.Division D.B.Act.Division DBAD/PUB 600.00 230 RAM EN-71640 1 600.00 English Books

© Delhi Public Library
Hit Counter
free hit counter